ARRUPE JESUIT UNIVERSITY

CORONAVIRUS -STOP THE SPREAD - CLEAN,DISINFECT,COVER

Not without my neighbour : (Record no. 117997)

MARC details
000 -LEADER
fixed length control field 00987cam a2200301 a 4500
001 - CONTROL NUMBER
control field 11826102
003 - CONTROL NUMBER IDENTIFIER
control field ARRUPE
005 - DATE AND TIME OF LATEST TRANSACTION
control field 20130924171254.0
008 - FIXED-LENGTH DATA ELEMENTS--GENERAL INFORMATION
fixed length control field 990818s1999 sz b 000 0 eng d
010 ## - LIBRARY OF CONGRESS CONTROL NUMBER
LC control number 99515809
020 ## - INTERNATIONAL STANDARD BOOK NUMBER
International Standard Book Number 2825413089
035 ## - SYSTEM CONTROL NUMBER
System control number (OCoLC)ocm42192102
040 ## - CATALOGING SOURCE
Original cataloging agency DWT
Transcribing agency DWT
Modifying agency PLT
-- DLC
042 ## - AUTHENTICATION CODE
Authentication code lccopycat
050 00 - LIBRARY OF CONGRESS CALL NUMBER
Classification number BR127
Item number .A753 1999
082 00 - DEWEY DECIMAL CLASSIFICATION NUMBER
Classification number 261.2
Edition number 21
300 ## - PHYSICAL DESCRIPTION
Dimensions 21 cm.
100 1# - MAIN ENTRY--PERSONAL NAME
Personal name Ariarajah, S. Wesley.
9 (RLIN) 1074
245 10 - TITLE STATEMENT
Title Not without my neighbour :
Remainder of title issues in interfaith relations /
Statement of responsibility, etc S. Wesley Ariarajah.
260 ## - PUBLICATION, DISTRIBUTION, ETC. (IMPRINT)
Place of publication, distribution, etc Geneva :
Name of publisher, distributor, etc WCC Publications,
Date of publication, distribution, etc c1999.
300 ## - PHYSICAL DESCRIPTION
Extent 130 p. ;
440 #0 - SERIES STATEMENT/ADDED ENTRY--TITLE
Title Risk book series ;
Volume number/sequential designation no. 85
9 (RLIN) 1075
504 ## - BIBLIOGRAPHY, ETC. NOTE
Bibliography, etc Includes bibliographical references.
650 #0 - SUBJECT ADDED ENTRY--TOPICAL TERM
Topical term or geographic name as entry element Christianity and other religions.
9 (RLIN) 1076
710 2# - ADDED ENTRY--CORPORATE NAME
Corporate name or jurisdiction name as entry element World Council of Churches.
9 (RLIN) 1077
906 ## - LOCAL DATA ELEMENT F, LDF (RLIN)
a 7
b cbc
c copycat
d 3
e ncip
f 19
g y-gencatlg
942 ## - ADDED ENTRY ELEMENTS (KOHA)
Source of classification or shelving scheme Library of Congress Classification
Koha item type Monograph ( Printed materials)
Holdings
Withdrawn status Lost status Source of classification or shelving scheme Damaged status Not for loan Home library Current library Date acquired Total Checkouts Full call number Barcode Date last seen Price effective from Koha item type
    Library of Congress Classification     ARRUPE LIBRARY ARRUPE LIBRARY 24/09/2013   BR127 .A753 1999 46411734 15/11/2016 24/09/2013 Monograph ( Printed materials)

 

Arrupe Library. PO Box MP320 Mt Pleasant, Harare, Zimbabwe
263 242 745411|librarian@aju.ac.zw